00738nam a2200193 a 450000100100000000500170001000800410002704000250006808200150009310000230010824500390013126000540017030000210022449000120024550000650025783000190032295201860034199900170052700003535720200930074301.0111027s1953 mx 000 0 spa d aDO-SdBNPbspacBNPHU axxxxbxxxx1 aRulfo, Juan91756213aEl llanto en llamas /cJuan Rulfo. aMéxico, :bFondo de cultura económica,c1953. a150 p. ;c17 cm.1 aPopular aLa biblioteca posee la decima tercera reimpresión del 1976 0aPopular913374 001050718RVaGRbGRcHDd2011-10-27iLF1l0oxxxx xxxxp35357-10r2020-06-25w2020-06-25y1zPerteneció a la biblioteca personal de Juan Isidro Jimenes Grullón.ZNo se presta c34848d34848